Management of marketing information system / (Record no. 11866)

000 -LEADER
fixed length control field 00418nam a2200145 4500
008 - FIXED-LENGTH DATA ELEMENTS--GENERAL INFORMATION
fixed length control field 210113b ||||| |||| 00| 0 eng d
020 ## - INTERNATIONAL STANDARD BOOK NUMBER
International Standard Book Number 8173910359
082 00 - DEWEY DECIMAL CLASSIFICATION NUMBER
Classification number 658.8
Item number S61735
100 ## - MAIN ENTRY--PERSONAL NAME
9 (RLIN) 4155
Personal name Singh, H. K.
245 10 - TITLE STATEMENT
Title Management of marketing information system /
260 ## - PUBLICATION, DISTRIBUTION, ETC. (IMPRINT)
Place of publication, distribution, etc Delhi:
Name of publisher, distributor, etc Kanishka,
Date of publication, distribution, etc 1994.
300 ## - PHYSICAL DESCRIPTION
Extent vii, 195 p.
650 #0 - SUBJECT ADDED ENTRY--TOPICAL TERM
Topical term or geographic name as entry element Management Information Systems
942 ## - ADDED ENTRY ELEMENTS (KOHA)
Source of classification or shelving scheme
Item type Books
Holdings
Withdrawn status Lost status Source of classification or shelving scheme Damaged status Not for loan Permanent location Current location Date acquired Full call number Barcode Date last seen Koha item type
          IMU Kolkata IMU Kolkata 2021-01-13 658.8 S61735 08373 2021-01-13 Books
Designed and Maintained by IMU-KC Library, Kolkata Campus © Copyright All Rights Reserved

webs counters

Powered by Koha